000 01946cam a2200241 i 4500
020 _a9789811521560
020 _a9811521565
040 _cEBLCP
082 0 4 _a571 HAS 2020 A006 Or.
245 0 0 _aPlant ecophysiology and adaptation under climate change :
_bmechanisms and perspectives.
246 3 0 _aGeneral consequences and plant responses
300 _a1 online resource (xxi, 859 pages) :
_billustrations
520 _aThis book presents the state-of-the-art in plant ecophysiology. With a particular focus on adaptation to a changing environment, it discusses ecophysiology and adaptive mechanisms of plants under climate change. Over the centuries, the incidence of various abiotic stresses such as salinity, drought, extreme temperatures, atmospheric pollution, metal toxicity due to climate change have regularly affected plants and, and some estimates suggest that environmental stresses may reduce the crop yield by up to 70%. This in turn adversely affects the food security. As sessile organisms, plants are frequently exposed to various environmental adversities. As such, both plant physiology and plant ecophysiology begin with the study of responses to the environment. Provides essential insights, this book can be used for courses such as Plant Physiology, Environmental Science, Crop Production and Agricultural Botany. Volume 1 provides up-to-date information on the impact of climate change on plants, the general consequences and plant responses to various environmental stresses
650 0 _aClimatic changes.
650 0 _aPlant ecophysiology.
650 0 _aPlants
700 1 _aHasanuzzaman, Mirza,
710 2 _aOhio Library and Information Network.
856 4 0 _uhttps://rave.ohiolink.edu/ebooks/ebc2/9789811521560
856 4 0 _uhttp://link.springer.com/10.1007/978-981-15-2156-0
856 4 0 _uhttp://proxy.ohiolink.edu:9099/login?url=http://link.springer.com/10.1007/978-981-15-2156-0
942 _cAEDBB
999 _c20788
_d20788